00442nam a2200181Ia 4500008004100000020001800041050001600059100002000075245001900095245003700114245002300151260001500174260001600189260000900205300001600214300002000230300001000250170918s9999 xx 000 0 und d a9780545652261 bB175fi 2014 aBaldacci, David 4aThe finisher : bthe revolution starts with her / cby David Baldacci. aNew York : bScholastic, c2014 a497 pages : billustrations ; c20cm.